000 00310nam a2200121Ia 4500
008 180117s9999 xx 000 0 und d
100 _aby Joshua Berida
245 _aPeople of the Philippines
260 _c2016
300 _a18-20 pages, 2016 January 24
440 _aPhilippine Panorama
650 _aPEOPLE
999 _c353338
_d353338